Gaming Quiz

Random Gaming or Animation Quiz

Legend of Zelda Animated Dungeon Quiz Stats

 Plays Quiz Updated Oct 6, 2018

Score 0/16 Timer 04:00
1 Play Today
% Correct
Dodongo
76.3%
Like-Like
72.1%
Keese
71.2%
Stalfos
67.1%
Wall Master
60.4%
Darknut
60.1%
Gohma
57.6%
Wizzrobe
53.6%
% Correct
Manhandla
44.7%
Pols Voice
43.2%
Gel
40.2%
Gleeok
39.9%
Digdogger
37.5%
Zol
32.7%
Goriya
32.6%
Vire
30.1%

You're not logged in!

Compare scores with friends on all Sporcle quizzes.
OR
Log In

Sporcle TV

Today on Sporcle TV


Watch our educational content, quiz creation guides, and fun videos on Sporcle TV.

Show Comments

Extras

Top Quizzes Today


Score Distribution

Your Account Isn't Verified!

In order to create a playlist on Sporcle, you need to verify the email address you used during registration. Go to your Sporcle Settings to finish the process.

Report this User

Report this user for behavior that violates our Community Guidelines.

Details: